MDQL
is popping MORE tags! Check the
thread
!
Quizzes
Events
Quiz Creation
Community
Videos
Private Events
Remove Ads
Sign In
Join for FREE
Feedback
Dark Mode
Quiz Categories
Sports
Geography
Music
Movies
Television
Just For Fun
Miscellaneous
History
Literature
Language
Science
Gaming
Entertainment
Religion
Holiday
For Kids
Quiz Lab
Recent
Popular Today
Quiz Kudos Today
Editor Picks
Curator Picks
Quizzes by...
Day
Popularity
Type
Ratings
Length
Year
Community
Subscriptions
Recent Discussions
Orange Saloon
Badges
Playlists
Quests
Create
Leaderboards
Showdown
Live 5
Trivia Bingo
Activity
Puzzle Library
Sporcle Events
Private Events
Virtual Trivia
Globe League
Become a Host
Pub Owners
SporcleCon
Opinionation
Our Games
Videos
Blog
Mobile Apps
Partnerships
Remove Ads and Go Orange
Feedback
Music
Pop Music
The Beatles
Song
Album
Lyrics
Bands
Singers
Artist
Clip
Rock
Rap
Classical
Billboard
Country Music
Kpop
Taylor Swift
Music
Pop Music
The Beatles
Song
Album
Lyrics
Bands
Singers
Artist
Clip
Rock
Rap
Classical
Billboard
Country Music
Kpop
Taylor Swift
Random Quiz
Search Sporcle
×
Quiz Lab
Quiz Lab
Music
Disney
Type in answers that appear in a list
Type in answers that appear in a list
Classic
Best Score? Go Orange.
Disney Song Lyrics 16 Stats
Can you name the Disney Song Lyrics 16?
By
savvy6388
10m
178 Questions
16.3K Plays
16,283 Plays
16,283 Plays
Comments
Comments
Give Quiz Kudos
Give Quiz Kudos
-
- Ratings
hide this ad
Replay
Link that replays current quiz
Next Quiz
Link to next quiz in quiz playlist
You Got
0%
They Got
Avg Score
54%
Avg Friend Score
Upgrade to see
Score Distribution
Jump to the score distribution portion of the page
Score
0/178
Timer
10:00
1
Play Today
% Correct
the
98.9%
And
98.9%
the
98.9%
the
98.9%
the
98.9%
And
98.9%
a
98.9%
a
98.9%
and
98.9%
and
98.9%
and
98.9%
A
98.9%
And
98.9%
the
98.9%
the
98.9%
And
98.9%
and
98.9%
I
95%
you
89.5%
to
82.3%
to
82.3%
To
82.3%
Be
81.5%
Be
81.5%
Be
81.5%
Be
81.5%
be
81.5%
Be
81.5%
be
81.5%
be
81.5%
we
78.6%
We
78.6%
we
78.6%
me
75.5%
is
74.9%
is
74.9%
on
73.4%
on
73.4%
your
73.4%
your
73.4%
your
73.4%
your
73.4%
your
73.4%
can
72.2%
can
72.2%
can
72.2%
our
70%
our
70%
our
70%
our
70%
our
70%
our
70%
our
70%
our
70%
our
70%
our
70%
do
69.7%
guest
68.5%
guest
68.5%
guest
68.5%
% Correct
guest
68.5%
guest
68.5%
guest
68.5%
guest
68.5%
guest
68.5%
guest
68.5%
Put
66.2%
test
65.5%
service
63.7%
They
60.6%
they
60.6%
in
60.1%
It's
59.2%
it's
59.2%
It's
59.2%
Go
57.9%
this
57.7%
rest
56.7%
Don't
56.3%
Why
56.3%
napkin
56%
all
54.5%
all
54.5%
all
54.5%
No
54.3%
neck
54.2%
we'll
53.9%
We'll
53.9%
Tie
53.7%
round
53.4%
my
51.9%
provide
51.7%
dishes
51.3%
Try
51%
sing
50.5%
ask
50.1%
dance
49.9%
live
49.8%
If
49.8%
here
49.4%
believe
49.1%
best
49%
then
48.9%
serve
48.8%
serve
48.8%
only
48.1%
never
47.4%
delicious
47.3%
soup
46.8%
You're
46.2%
you're
46.2%
you're
46.2%
France
46%
cherie
45.9%
After
45.5%
stuff
44.7%
second
43.5%
with
43%
With
43%
gray
42.6%
% Correct
you'll
42.5%
Hot
42.2%
Take
42.1%
That
42%
dinner
41.3%
or
40.5%
Miss
36.7%
menu
36.6%
jour
36.5%
But
36.1%
du
35.9%
glance
33.8%
en
33.2%
tell
30.4%
Come
29.4%
candlesticks
29.1%
prepare
29%
Oui
28.9%
won
28.9%
tricks
28.8%
You've
27.5%
fellow
27.3%
fine
26.7%
Cheese
26.3%
flambe
26.3%
hors
26%
jokes
25.7%
unfold
25.5%
dining
25.3%
While
25.2%
souffle
24.5%
entertaining
24.3%
Beef
24.2%
prepared
24.2%
free
24%
own
23.9%
suggest
23.7%
glass
23.2%
culinary
23.1%
alone
23%
scared
22.9%
flatware's
22.3%
pudding
22.1%
pass
22.1%
Pie
21.9%
complaining
21.4%
taste
21.2%
cabaret
21.1%
gloomy
21.1%
one's
21%
stressed
20.9%
lift
20.7%
flair
20.3%
banquet's
20%
bet
19.8%
d'oeuvres
18.4%
perfect
18%
ragout
15.2%
Quiz Playlist
Details
Report
Send in Message
Add To Playlist
Classic:
Type in answers that appear in a list
Last Updated: Sep 4, 2017
Quiz Scoreboard
CHALLENGE
Sign Up to Join the Scoreboard
Show All
Scores
Hide
Comments
May contain spoilers
Recently Published
1-10 Letter E Words III
by El_Dandy
Language
2m
Street Fighter Characters
by Artimus82
Gaming
60s
College Basketball Coaching Resumes
by pancakes188
Sports
9m
More to Explore
Quiz From the Vault
Featured Blog Post
Where Did the Easter Bunny Come From?
hide this ad
You Might Also Like...
Tags
Disney Quiz
Lyrics Quiz
Song Quiz
Today's Top Quizzes in Music
Browse Music
hide this ad
Today's Top Quizzes in Disney
Browse Disney
Top Contributed Quizzes in Music
1
Taylor Swift All Songs (2024)
2
Taylor Swift Logic Puzzle
3
Guess the Artist- 70s Songs
4
7-to-1: Billboard Hot 100 #1 Hits of 2010s
5
Sorting Albums and Songs
6
Billboard Blitz: Aretha Franklin
7
KPOP LOGIC QUIZ
8
Guess the Taylor Swift song (Mystery Song)
9
Guess The Taylor Swift Lyrics Song #1
10
Billboard Blitz: ABBA
Explore More
Trending Topics
Disney
Kpop
Crossword
Marvel
NBA
Anime
Harry Potter
Country
Soccer
Pokémon
The Office
WWE
Song
Puzzle
NFL
hide this ad
More By:
savvy6388
Quiz
Plays
Rating
Category
Featured
Created
Figure Out the Disney Lyrics X
316,322
4.40
Music
Feb 2, 2010
Figure Out the Disney Lyrics IX
284,843
4.36
Music
Feb 2, 2010
Figure Out the Disney Lyrics VIII
258,417
4.43
Music
Feb 3, 2010
Disney Song Lyrics 13
21,983
3.96
Music
Feb 2, 2010
Disney Song Lyrics 18
19,207
3.39
Music
Feb 3, 2010
Go to Creator's Profile
Score Distribution
Quiz Creator Spotlight
savvy6388
Follow
Send a Message
Quizzes Created
-
Created Quiz Play Count
-
More By This Creator
Popular Quizzes Today
1
Find the US States - No Outlines Minefield
2
Find the Countries of Europe - No Outlines Minefield
3
The Countries of the World
4
Find the US States
5
Risky Map Clicking: Biggest States A-Z
6
US States
7
Popular People in 1961
8
Movies - When Are They Set?
More Music Quizzes
Name the K-POP group 2
Quiz Lab
Trending Quizzes
Risky Map Clicking: Least Populous States A-Z
Billboard Blitz: Aretha Franklin
Famous Russians: Author or Composer?
Countries of the World: 200 Million BC
1-10 Letter G Words
Recently Updated
Leaping Animals
pecheneg
Reality TV Shows (A-Z)
bhenderson79
Rickey Henderson's Hall of Fame Teammates
pecheneg
Champions League XIs: Arsenal
pecheneg
Quick Pick: Celebrities in WWE's Hall of Fame
aduchscher
A-Z Keypad Blitz II
pecheneg
Multiple Oscar Actors
pecheneg
Mystery Phrase Blitz: Oscar 'Best Actors'
pecheneg
F. Scott Fitzgerald Novels
LTH
Pick 3 Villains
ddd62291
Trending Topics
Crossword
Kpop
Harry Potter
NBA
Marvel
Disney
Anime
Country
NFL
The Office
Pokémon
WWE
Soccer
Song
Puzzle
Your Account Isn't Verified!
In order to create a playlist on Sporcle, you need to verify the email address you used during registration. Go to your
Sporcle Settings
to finish the process.
Report this User
Report this user for behavior that violates our
Community Guidelines
.
Details:
Send Report
Go to the Sporcle.com Mobile Site →
Comments